ERASMUS 1 - Statistiques

Statistiques générales
  • Ce quiz a été pris 3 fois
  • Le résultat moyen est 32 sur 123
Statistiques - réponses
FR ES % Correct
le lit cama
100%
la cuisine cocina
100%
cuisiner cocinar
100%
le couteau cuchillo
100%
se réveiller despertarse
100%
dormir* dormir
100%
la douche ducha
100%
se doucher ducharse
100%
entrer entrar
100%
le four horno
100%
laver lavar
100%
se lever* levantarse
100%
propre limpia
100%
nettoyer limpiar
100%
sortir salir
100%
les verres vasos
100%
ouvrir abrir
50%
descendre bajar
50%
boire beber
50%
la cafetière cafetera
50%
chauffer* calentar
50%
fermer* cerrar
50%
le matelas colchón
50%
couper cortar
50%
la salle de bain cuarto
50%
les couverts de table cubiertos
50%
la cuillères cucharas
50%
les escaliers escaleras
50%
le miroir espejo
50%
faire le lit hacer la cama
50%
le savon jabón
50%
le jardin jardín
50%
le lave-linge lavadora
50%
la table mesa
50%
le micro-ondes microondas
50%
la piscine piscina
50%
mettre/poser poner
50%
mettre la table poner la mesa
50%
préparer preparar
50%
le sèche-cheveux secador de pelo
50%
les chaises sillas
50%
le canapé sofá
50%
monter subir
50%
la télévision televisión
50%
la terrasse terraza
50%
la serviettes toallas
50%
s'habiller* vestirse
50%
je vais prendre une douche voy a ducharme
50%
se coucher* acostarse
0%
se raser afeitarse
0%
la climatisation aire acondicionado
0%
le peignoir albormoz
0%
le tapis alfombra
0%
le tapis de sol alfombrilla para los pies
0%
l'oreiller almohada
0%
le buffet aparador
0%
l'armoire armario
0%
le grenier ático/desván
0%
la baignoire bañera
0%
balayer barrer
0%
la malle baúl
0%
la tête de lit cabecero
0%
le tiroirs cajones
0%
la hotte aspirante campana extractora
0%
se brosser les dents cepillarse
0%
la brosse à dents cepillo de dientes
0%
la cheminée chimenea
0%
les coussins cojines
0%
la salle à manger comedor
0%
la commode cómoda
0%
le verres à boire copas
0%
les rideaux cortinas
0%
le tableau cuadros
0%
la poubelle cubo de basura
0%
le bureau despacho
0%
le réveil despertador
0%
la chambre à coucher dormitorio
0%
la couette edredón
0%
la prise enchufe
0%
le plan de travail encimera
0%
le rince-bouche enjuague bucal
0%
le bureau escritorio
0%
l'étagère estantería
0%
le vase florero
0%
la phtotgraphie fotografías
0%
laver (le sol, la vaisselles) fregar
0%
le garage garaje
0%
le robinet grifos
0%
ranger guardar
0%
la chambre haitación
0%
l'interrupteur interruptor de la luz
0%
le bijoutier joyero
0%
la lampe lámpara
0%
le lavabo lavabo
0%
le lave-vaiselle lavavajillas
0%
les couvertures mantas
0%
la nappe mantel
0%
la table de nuit mesilla de noche
0%
le réfrigérateur nevera/frigoréfico
0%
ranger ordenar
0%
le papier toilette papel higienico
0%
l'allée pasillo
0%
le dentifrice pasta de dientes
0%
le peigne peine
0%
le porte-manteau perchero
0%
repasser planchar
0%
débarrasser la table quitar la mesa
0%
le radiateur radiador
0%
l'horloge murale reloj de pared
0%
l'étagère repisa
0%
les draps sábanas
0%
le salon salón
0%
le fauteuil sillón
0%
le sous-sol sótano
0%
les tasses tazas
0%
le téléphone fixe teléfono fijo
0%
étendre le linge tender la ropa
0%
la fourchette tenedor
0%
le débarras trastero
0%
la vaisselle vajilla
0%
les toilettes váter
0%
le ventilateur ventilador
0%
la plaque de cuisson en céramique vitrocerámica
0%
Aucun quiz correspondant
Distribution des résultats
% des personnes avec chaque résultat
Percentile par nombre de réponses
Votre historique - résultats
Vous n’avez pas pris ce quiz